000 00686nam a2200181 a 4500
001 000048451
005 20201002061149.0
008 190321s2018 dr a r 000 spa d
020 _a9789945912012
040 _aDO-SdBNP
_bspa
_cBNPHU
082 _axxx
_bR426
110 1 _aRepública Dominicana
_9447
245 1 0 _aPrimer congreso internacional sobre turismo responsable y sustentable :
_bponencias, conclusiones y recomendaciones /
_cPrólogo Altracia Paulino.
260 _aSanto Domingo :
_bObservatorio Nacional Para la Protección del Consumidor,
_c2018.
300 _a292 p. :
_bil. ;
_c23 cm.
590 _aInventariado, 2019 / DG
700 1 _aAltagracia Paulino
_ePrólogo
_975868
999 _c47939
_d47939